LEADER 00988nam a2200253 u 4500 001 000000042714 003 CaOOAMICUS 005 20070226114345.0 008 990308s1954 it a u000 u ita u 035 $a10816592 040 $aPUL(R)$bita 100 1 $aSorrentino, B.$0(OLS)http://pul/name/31329 245 13$aLa sterilità coniugale /$cprof. B. Sorrentino e Prof. M. Sorrentino. 260 $aRoma :$bAbruzzini Editore,$c1954. 300 $a282 p. :$bill. ;$c26 cm 500 $aInclude indici. 504 $aBibliografia p. 255. 650 4$aGinecologia.$0(OLS)http://pul/subject/15811 700 1 $aSorrentino, M.$0(OLS)http://pul/name/31330 850 $aPUL 852 $aPUL$W1$xDP2 Diritto e Scienze Sociali 1$y65$m207 A 29$j57664$nBK-PRI$qStampati$B57664$CPULBib$Z2$F57664 $H19168 $82 941 1 $a8 996 $6245$aLa sterilità coniugale$9(OLS)http://pul/title/57627 996 $6260$aRoma :$bAbruzzini Editore$9(OLS)http://pul/publisher/64976 LEADER 00995nam a2200241 a 4500 001 000000139895 003 CaOOAMICUS 005 20140924143159.0 008 140924s1951 it u000 u ita r 040 $aPUL$bita 100 1 $aSpadafora, Francesco.$0(OLS)http://pul/name/12098 245 10$aTestimoni di Geova :$bavventisti, millenaristi /$cFrancesco Spadafora. 260 $aRovigo :$bIstituto padano di arti grafiche,$c1951. 300 $a123 p. ;$c19 cm 490 1 $aQuaderni esegetici 650 4$aTestimoni di Geova.$0(OLS)http://pul/subject/20874 830 0$aQuaderni esegetici.$0(OLS)http://pul/title/19004 850 $aPUL 852 $aPUL$W1$xDP1 Filosofia 1$y19$m615 C 30$j161577$qStampati$B161040$CPULBib$Z2$F161040 $H38559 $82 941 1 $a8 996 $6245$aTestimoni di Geova :$bavventisti, millenaristi$9(OLS)http://pul/title/177074 996 $6260$aRovigo :$bIstituto padano di arti grafiche$9(OLS)http://pul/publisher/56976